BIBLIOTECA PODER JUDICIAL
Portal Judicial TDF

Jerarquía constitucional de los tratados internacionales / (Registro nro. 2716)

000 -LEADER
fixed length control field 00947nam a22002297a 4500
003 - CONTROL NUMBER IDENTIFIER
control field OSt
005 - DATE AND TIME OF LATEST TRANSACTION
control field 20190502071158.0
008 - FIXED-LENGTH DATA ELEMENTS--GENERAL INFORMATION
fixed length control field 190502b xxu||||| |||| 00| 0 spa d
020 ## - INTERNATIONAL STANDARD BOOK NUMBER
International Standard Book Number 9505084641
040 ## - CATALOGING SOURCE
Transcribing agency PJ
245 10 - TITLE STATEMENT
Title Jerarquía constitucional de los tratados internacionales /
Statement of responsibility, etc Juan Carlos Vega, Marisa Adriana Graham directores; Juan Pablo Cafiero... [et al.].
260 ## - PUBLICATION, DISTRIBUTION, ETC. (IMPRINT)
Place of publication, distribution, etc Buenos Aires :
Name of publisher, distributor, etc Astrea,
Date of publication, distribution, etc 1996.
300 ## - PHYSICAL DESCRIPTION
Extent xviii, 329 p.
Dimensions 20 cm.
504 ## - BIBLIOGRAPHY, ETC. NOTE
Bibliography, etc Bibliografía: p. 327-329.
505 ## - FORMATTED CONTENTS NOTE
Formatted contents note Fundamentos. Tratados de derechos humanos. Operatividad. Tratados de integración. Acciones positivas. Derecho a la vida. Derecho de réplica.
650 #0 - SUBJECT ADDED ENTRY--TOPICAL TERM
9 (RLIN) 178
Topical term or geographic name as entry element DERECHO CONSTITUCIONAL
650 #0 - SUBJECT ADDED ENTRY--TOPICAL TERM
9 (RLIN) 604
Topical term or geographic name as entry element TRATADOS INTERNACIONALES
650 #0 - SUBJECT ADDED ENTRY--TOPICAL TERM
9 (RLIN) 4121
Topical term or geographic name as entry element JERARQUÍA DE LOS TRATADOS INTERNACIONALES
700 ## - ADDED ENTRY--PERSONAL NAME
9 (RLIN) 621
Personal name Vega, Juan Carlos
Función director
700 ## - ADDED ENTRY--PERSONAL NAME
9 (RLIN) 4122
Personal name Graham, Marisa Adriana
Función directora
942 ## - ADDED ENTRY ELEMENTS (KOHA)
Koha item type Libros
Source of classification or shelving scheme
Classification part 34
Item part JER
Existencias
Withdrawn status Lost status Source of classification or shelving scheme Damaged status Not for loan Permanent Location Current Location Date acquired Full call number Barcode Date last seen Price effective from Koha item type
          Biblioteca Poder Judicial Sur Biblioteca Poder Judicial Sur 2019-04-30 341.24:342.4 JER 3616 2019-04-30 2019-04-30 Libros

12 de Octubre 789 Ushuaia - Tel:  54(02901)441571
Horario de Atención: 8.00 a 17.00 hs. 
bibliotecaush@justierradelfuego.gov.ar
koha@justierradelfuego.gov.ar
Seguinos en nuestras redes @bibliojustdf 

Con tecnología Koha